Rückblick 2020 - Länder zuordnen (Europa) - Statistiken

Allgemein
  • Dieses Quiz wurde 116 mal gespielt
  • Das Durchschnittsergebnis liegt bei 6 aus 15
Antwortstatistiken
Hint Antwort % Korrekt
Dieses Land verlässt die EU. Vereinigtes Königreich
94%
In Hanau erschießt ein Rechtsextremist 9 Menschen. Deutschland
88%
Dieses Land kündigt eine Normalisierung der ökonomischen Beziehungen zum Kosovo an. Serbien
73%
Unter der Leitung des Epidemiologen Anders Tegnell verhängt dieses Land keine groß angelegten Corona-Beschränkungen. Schweden
56%
Dieses Land setzt als erstes eine nationale Quarantäne ein, um COVID-19 zu bekämpfen. Italien
52%
Dieses Land wird 30. Mitglied der NATO. Nordmazedonien
45%
Andrzej Duda wird erneut zum Präsidenten gewählt. Polen
45%
In diesem Land wird erstmals ein COVID-19-Impfstoff zugelassen, jedoch werden Teststudien übersprungen. Russland
43%
Nach einer Präsidentschaftswahl kommt es zu den größten Protesten in der Geschichte des Landes. Belarus
37%
Hier findet 2020 die UEFA Champions League statt. Portugal
28%
Ein Flugzeug aus diesem Land wird im Iran abgeschossen. Ukraine
28%
Dieses Land erlebt den ersten Corona-Infizierten und den ersten Todesfall durch COVID-19 in Europa. Frankreich
21%
In der Hauptstadt werden durch einen Amoklauf 4 Menschen getötet und 23 weitere verletzt. Österreich
17%
In der Handball EM wird dieses Land zum zweiten Mal Sieger. Spanien
16%
Dieses Land erlebt die schwerste Dürre seit 500 Jahren. Tschechien
1%
Keine übereinstimmenden Quizze gefunden
Verteilung der Resultate
Anzahl Personen mit jedem Resultat
Perzentil nach korrekt beantworteten Fragen
Ihre Resultats-Entwicklung
Sie haben dieses Quiz noch nicht gespielt